CLINICAL LEGAL EDUCATION (Record no. 24015)
[ view plain ]
| 000 -LEADER | |
|---|---|
| fixed length control field | 00325nam a22001457a 4500 |
| 003 - CONTROL NUMBER IDENTIFIER | |
| control field | SGT |
| 020 ## - INTERNATIONAL STANDARD BOOK NUMBER | |
| International Standard Book Number | 9788119114047 |
| 082 ## - DEWEY DECIMAL CLASSIFICATION NUMBER | |
| Classification number | 340.071 |
| Item number | MEN |
| 100 ## - MAIN ENTRY--PERSONAL NAME | |
| Personal name | MENON MADHAVA N R |
| 245 ## - TITLE STATEMENT | |
| Title | CLINICAL LEGAL EDUCATION |
| 250 ## - EDITION STATEMENT | |
| Edition statement | 1 |
| 260 ## - PUBLICATION, DISTRIBUTION, ETC. (IMPRINT) | |
| Place of publication, distribution, etc | LUCKNOW |
| Name of publisher, distributor, etc | EASTERN BOOK COMPANY |
| Year of Publication | 2023 |
| 300 ## - PAGE DESCRIPTION | |
| No. of Pages | XVI ,311 |
| 942 ## - ADDED ENTRY ELEMENTS (KOHA) | |
| Source of classification or shelving scheme | Dewey Decimal Classification |
| Koha item type | Books |
| Withdrawn status | Lost status | Source of classification or shelving scheme | Damaged status | Not for loan | Collection code | Home library | Current library | Shelving location | Date acquired | Vendor Name | Cost, normal purchase price | SGTU | Bill Number | Full call number | Accession No. (Barcode) | Date last seen | Bill Date | Koha item type | Total Checkouts |
|---|---|---|---|---|---|---|---|---|---|---|---|---|---|---|---|---|---|---|---|
| Dewey Decimal Classification | Not For Loan | LAW | SGT Science & Social Sciences Library | SGT Science & Social Sciences Library | Reference Book | 12/06/2023 | COMMERCIAL BOOK HOUSE | 445.00 | SGTU | 353 | 340.071 MEN | FL3034 | 12/06/2023 | 19/05/2023 | Books | ||||
| Dewey Decimal Classification | LAW | SGT Science & Social Sciences Library | SGT Science & Social Sciences Library | Text Book | 12/06/2023 | COMMERCIAL BOOK HOUSE | 445.00 | SGTU | 353 | 340.071 MEN | FL3035 | 12/06/2023 | 19/05/2023 | Books |